书目信息 |
| 题名: |
英语泛读教程
|
|
| 作者: | 黄源深 , 虞苏美 总主编 ;刘乃银 主编 | |
| 分册: | 2 | |
| 出版信息: | 北京 高等教育出版社 2005.12 |
|
| 页数: | 290页 | |
| 开本: | 26cm | |
| 丛书名: | ||
| 单 册: | ||
| 中图分类: | H319.4 | |
| 科图分类: | ||
| 主题词: | 英语--ying yu--阅读教学--高等教育--教材 | |
| 电子资源: | ||
| ISBN: | 7-04-018506-7 | |
| 000 | 00971nam0 2200265 450 | |
| 001 | 012006948099 | |
| 005 | 20061127111117.56 | |
| 010 | @a7-04-018506-7@dCNY25.00 | |
| 100 | @a20061008d2005 km y0chiy0120 ea | |
| 101 | 0 | @achi@aeng |
| 102 | @aCN@b110000 | |
| 105 | @ay z 000yy | |
| 200 | 1 | @a英语泛读教程@Aying yu fan du jiao cheng@h2@f虞苏美, 黄源深总主编@Fyu su mei,huang yuan shen zong zhu bian@g刘乃银主编@Gliu nai yin zhu bian |
| 205 | @a第2版 | |
| 210 | @a北京@c高等教育出版社@d2005.12 | |
| 215 | @a290页@d26cm | |
| 300 | @a普通高等教育"十五"国家级规划教材 | |
| 330 | @a本册共15个单元,按阅读材料的内容和难度进行编排,每单元分为四部分:阅读课文及练习、阅读技巧、快速阅读练习、课外阅读。 | |
| 606 | 0 | @a英语@Aying yu@x阅读教学@x高等教育@j教材 |
| 690 | @aH319.4@v4 | |
| 701 | 0 | @a黄源深@Ahuang yuan shen@4总主编 |
| 701 | 0 | @a虞苏美@Ayu su mei@4总主编 |
| 702 | 0 | @a刘乃银@Aliu nai yin@4主编 |
| 801 | 0 | @aCN@c20061127 |
| 905 | @a10447@dH319.4@eY823:2 | |
| 英语泛读教程.2/虞苏美, 黄源深总主编/刘乃银主编.-第2版.-北京:高等教育出版社,2005.12 |
| 290页;26cm |
| 普通高等教育"十五"国家级规划教材 |
| ISBN 7-04-018506-7:CNY25.00 |
| 本册共15个单元,按阅读材料的内容和难度进行编排,每单元分为四部分:阅读课文及练习、阅读技巧、快速阅读练习、课外阅读。 |
| ● |
| 相关链接 |
|
|
|
正题名:英语泛读教程
索取号:H319.4/Y823:2
 
预约/预借
| 序号 | 登录号 | 条形码 | 馆藏地/架位号 | 状态 | 备注 |
| 1 | 222688 | 202226885 | 自科二线504/504自科库 47排1列2层/ [索取号:H319.4/Y823:2] | 在馆 | |
| 2 | 222689 | 202226894 | 自科二线504/504自科库 47排1列2层/ [索取号:H319.4/Y823:2] | 在馆 | |
| 3 | 222690 | 202226901 | 自科二线504/504自科库 47排1列2层/ [索取号:H319.4/Y823:2] | 在馆 |